LDR 01344naa#a2200205#i#450# 001 RU\\bibl\117133 005 20260428112240.2 011 ## _a2782-5957 100 ## _a20260330b2026####ek#y0rusy0150####ca 102 ## _aRU 200 1# _aВОПРОС ИССЛЕДОВАНИЯ НАДЕЖНОСТИ ПРЕЦЕССИОННЫХ МАТЕРИАЛОВ ПРОМЫШЛЕННОГО ИЗМЕРИТЕЛЬНОГО ОБОРУДОВАНИЯ _eЖурнальная статья 210 1# _aБрянск _cБрянский государственный технический университет _d2026 215 ## _a12 с. 608 ## _aЖурнальная статья _2local 675 ## _aИспытания для определения способности материала выдерживать нагрузки при эксплуатации. 620.16 _aЭлектроизмерительная техника. Радиоизмерительная техника. 621.317 _aИспытания материалов. Товароведение. Силовые станции. Общая энергетика. 620 _z 686 ## _aОбщее машиностроение. Машиноведение. 344 _2bbk 700 #1 _aСулейманова _gНабат 700 #1 _aМустафтаева _gНиджар 700 #1 _aГулиева _gХумай 856 4# _azh-szf.ru _u